UK's Faulty Towers are a ticking investment timebomb (Record no. 77538)

MARC details
000 -LEADER
fixed length control field 01424cab a2200205 4500
001 - CONTROL NUMBER
control field ##L134483
008 - FIXED-LENGTH DATA ELEMENTS--GENERAL INFORMATION
fixed length control field 060809n2006 000 0 eng u
035 ## - SYSTEM CONTROL NUMBER
System control number (Sirsi) u134483
041 0# - LANGUAGE CODE
Language code of text/sound track or separate title eng
110 2# - MAIN ENTRY--CORPORATE NAME
Corporate name or jurisdiction name as entry element Gensler
9 (RLIN) 5004
245 00 - TITLE STATEMENT
Title UK's Faulty Towers are a ticking investment timebomb
260 ## - PUBLICATION, DISTRIBUTION, ETC.
Date of publication, distribution, etc. 2006
520 ## - SUMMARY, ETC.
Summary, etc. Highlights new research by Gensler that investigated the impact of Britain's high level of environmentally unfriendly commercial buildings on the UK's investment portfolios. The report, "Faulty Towers: is the British office sustainable?", found that 75% of property developers believe impending legislation to grade energy efficiency (in response to EU energy performance of buildings directive) will have a negative impact on the value and transferability of inefficient buildings when certification is required from 2007. Stresses the need for property developers and the construction industry to take notice of the demand among businesses for more energy-efficient, greener buildings.
590 ## - LOCAL NOTE (RLIN)
Local note IKA220806
650 24 - SUBJECT ADDED ENTRY--TOPICAL TERM
Topical term or geographic name entry element DIRECTIVE 2002/91/EC
651 #4 - SUBJECT ADDED ENTRY--GEOGRAPHIC NAME
Geographic name United Kingdom
Chronological subdivision
690 ## - LOCAL SUBJECT ADDED ENTRY--TOPICAL TERM (OCLC, RLIN)
Topical term or geographic name as entry element ENVIRONMENTAL AND LAND CONSULTANCY-ENERGY-ENERGY USE-ENERGY USE ASSESSMENT-ENERGY USE AUDITING-ENERGY USE RATING
856 40 - ELECTRONIC LOCATION AND ACCESS
Uniform Resource Identifier <a href="https://www.gensler.com/research-insight/gensler-research-institute/faulty-towers?q=faulty towers">https://www.gensler.com/research-insight/gensler-research-institute/faulty-towers?q=faulty towers</a>
Public note View the press release free of charge at www.gensler.com...
942 ## - ADDED ENTRY ELEMENTS (KOHA)
Suppress in OPAC 0
Holdings
Withdrawn status Lost status Source of classification or shelving scheme Damaged status Not for loan Home library Current library Shelving location Date acquired Total Checkouts Full call number Barcode Date last seen Copy number Price effective from Koha item type
    Dewey Decimal Classification     Virtual Virtual Online 09/08/2006   ONLINE PUBLICATION 134483-1001 06/08/2019 1 06/08/2019 Online material